MARC

LEADER 00000nam0a2200000 4500
001 283914
005 20231101235637.0
020 |a RU  |b 85-17248 
035 |a (RuTPU)RU\TPU\book\308052 
090 |a 283914 
100 |a 20150211d1984 k y0rusy5003 ca 
101 0 |a rus 
102 |a RU 
105 |a b z 001zy 
200 1 |a Австралия и Канада  |f Академия наук СССР (АН СССР), Институт мировой экономики и международных отношений (ИМЭМО) ; под ред. И. А. Лебедева 
210 |a Москва  |c Мысль  |d 1984 
215 |a 431 с.  |c 1 л. карт. 
225 1 |a Современный монополистический капитализм  |v Кн. 8 
300 |a Авт. указаны на обороте тит. л. 
320 |a Библиогр.: с. 412-421 
320 |a Предметный указатель: с. 423-429 
606 1 |a Канада  |x Экономика  |2 stltpush  |3 (RuTPU)RU\TPU\subj\36239  |9 57691 
606 1 |a Австралия  |x Экономика  |2 stltpush  |3 (RuTPU)RU\TPU\subj\74604  |9 86750 
610 1 |a экономическое положение 
610 1 |a политическая система 
610 1 |a внутренняя политика 
610 1 |a внешняя политика 
610 1 |a 20 век 
686 |a У9(8)  |2 rubbk 
702 1 |a Лебедев  |b И. А.  |4 340 
712 0 2 |a Академия наук СССР (АН СССР)  |b Институт мировой экономики и международных отношений (ИМЭМО)  |c (Москва)  |2 stltpush  |3 (RuTPU)RU\TPU\col\11484 
801 0 |a RU  |b RuMRKP  |c 19950704  |g psbo 
801 1 |a RU  |b 63413507  |c 20150211 
801 2 |a RU  |b 63413507  |c 20200720  |g RCR 
942 |c BK